| 000 | 00631nam a2200229Ia 4500 | ||
|---|---|---|---|
| 003 | OSt | ||
| 005 | 20220918175544.0 | ||
| 006 | a|||||r|||| 00| 0 | ||
| 007 | ta | ||
| 008 | 220917b |||||||| |||| 00| 0 eng d | ||
| 024 | _a17,966 | ||
| 037 | _cTextual | ||
| 040 |
_aARTS _cARTS _beng |
||
| 041 |
_2eng _aeng |
||
| 082 | _aO:1M37:9, F7 | ||
| 100 |
_aSwinburne A C. _954427 |
||
| 245 | 0 | _aHyperion and the other poems with an essay on Swinburne and Keats by George Lafourcade | |
| 260 | _c1927 | ||
| 650 | _aENGLISH LITERATURE | ||
| 942 |
_hO:1M37:9, F7 _cTEXL _2CC |
||
| 999 |
_c158125 _d158125 |
||